[Event "World Junior U20 Open 2018"]
[Site "Gebze"]
[Date "2018.09.07"]
[Round "4.39"]
[White "Gokerkan, Cem Kaan"]
[Black "Nogerbek, Kazybek"]
[Result "1/2-1/2"]
[WhiteElo "2416"]
[BlackElo "2261"]
[Annotator "TA"]
[PlyCount "112"]
[EventDate "2018.09.05"]
[EventType "swiss"]
[EventCountry "TUR"]
[SourceTitle "playchess.com"]
[Source "ChessBase"]
[SourceQuality "1"]

{[%evp 10,112,12,-23,-19,-20,23,25,35,0,15,4,5,0,6,14,117,102,145,145,135,140,145,123,200,139,195,97,116,83,202,138,168,80,82,81,81,72,88,87,84,78,115,94,101,67,73,37,37,37,88,37,37,37,37,37,103,103,113,37,73,0,112,0,73,92,197,138,106,65,88,0,5,0,88,23,25,16,28,0,0,0,0,0,0,0,0,0,0,0,43,34,88,102,113,0,0,0,0,0,0,0,0,0,17]} 1. e4 e6 2. d3 d5 3. Nd2 c5 4. g3 Nc6 5. Bg2 Nge7 6. h4 {[%cal Bh2h4,Bh4h5][%mdl 32] LiveBook: 3 Games. C00: French: Unusual White 2nd moves} (6. Ngf3 g6 7. O-O Bg7 8. c3 b6 9. Re1 Ba6 10. exd5 exd5 11. Qa4 Bb7 12. d4 c4 13. Nxc4 dxc4 14. d5 Qxd5 15. Nd4 Qxg2+ 16. Kxg2 O-O 17. f3 Nxd4 18. cxd4 {0-1 (34) Bortnyk,O (2581)-Korobov,A (2692) Doha 2016}) 6... e5 $146 ({Predecessor:} 6... dxe4 7. dxe4 b6 8. f4 Ba6 9. Ngf3 Qd7 10. c3 h5 11. Kf2 Ng8 12. Re1 Nf6 13. e5 Ng4+ {½-½ (30) Strikovic,A (2448)-Stojanovic,M (2550) Yugoslavia 2003}) 7. Nh3 g6 8. h5 {White has an edge.} d4 9. O-O Bg7 10. f4 {[%cal Bf2f4,Bf4f5][%mdl 32]} O-O 11. Nf3 Bg4 12. Nf2 Qd7 {[#]} (12... Bd7 $11 {keeps the balance.}) 13. f5 $1 $16 {[%mdl 512]} gxh5 (13... gxf5 14. Nxg4) 14. Nxg4 hxg4 15. Nh2 {Black must now prevent f6.} f6 {Threatening ...h5.} 16. Qxg4 Kh8 (16... Nc8 $16) 17. Qh5 Ng8 (17... c4 $16 {was necessary.}) 18. Ng4 (18. Rf2 $18 {and White stays clearly on top.}) 18... Qf7 19. Qh4 {Threatens to win with Kf2.} c4 (19... Nb4 $16) 20. Rf2 cxd3 21. Bf1 (21. cxd3 $18 {is more deadly. Strongly threatening Bf3.} Nb4 22. Bf1) 21... Rfc8 22. Rh2 {[%csl Gh2][%cal Rh4h7]} Bf8 23. a3 Na5 24. Bxd3 Rc6 25. b3 {And now Bd2 would win.} Rac8 26. Bd2 b6 27. Bxa5 bxa5 28. Bc4 Qg7 29. a4 Be7 (29... Rxc4 $14 30. bxc4 Rxc4) 30. Kg2 $40 {[%mdl 128] White is up to no good.} (30. Bd3 $16) 30... Rxc4 $14 31. bxc4 Rxc4 32. Kh1 Rc3 (32... Rc7 $14) 33. Rb1 $16 Bb4 34. Rf1 (34. Rb3 $1 $16) 34... Be7 35. Rb1 Bb4 $1 36. Rf1 Be7 37. Qh5 Ra3 (37... Rxg3 $16 {was worth a try.} 38. Rg1 Rxg1+ 39. Kxg1 Ba3) 38. Qg6 ({White should play} 38. Rh4 $18) 38... Bf8 39. Kg2 Ra2 40. Kf3 (40. Qxg7+ $1 $16 Kxg7 41. Kf3) 40... Ra3+ $1 $11 41. Kg2 ({White should try} 41. Kf2 $11) 41... Ra2 $16 {[#]} 42. Rh4 (42. Qxg7+ $1 $16 Kxg7 43. Rfh1 Rxc2+ 44. Kf1 Rc1+ 45. Ke2 Rc2+ 46. Kd1 Rxh2 47. Rxh2) 42... Rxc2+ $11 43. Kh3 Rc8 44. Rb1 Bb4 45. Rd1 Bf8 46. Rb1 Bb4 47. Rd1 Bf8 48. Qh5 Bb4 49. Nf2 Bf8 (49... Rc3 {looks sharper.} 50. Ng4 Rc8) 50. Rb1 Nh6 {[#]} (50... Qd7 $14) 51. Kg2 $1 $16 Qf7 52. Rbh1 (52. Qxf7 $16 {White wants to mate with Rxh6!} Nxf7 53. Rb7) 52... Qxh5 {The position is equal.} 53. Rxh5 Nf7 $1 54. Rxh7+ Kg8 55. R7h2 Rc2 56. Kh3 Bh6 {Precision: White = 44%, Black = 49%.} 1/2-1/2

[Event "World Junior U20 Open 2018"]
[Site "Gebze"]
[Date "2018.09.07"]
[Round "4.40"]
[White "Agdelen, Huseyin Can"]
[Black "Secheres, Adrian-Simion"]
[Result "1/2-1/2"]
[WhiteElo "2280"]
[BlackElo "2408"]
[Annotator "NA"]
[PlyCount "59"]
[EventDate "2018.09.05"]
[EventType "swiss"]
[EventCountry "TUR"]
[SourceTitle "playchess.com"]
[Source "ChessBase"]
[SourceQuality "1"]
[TimeControl "40/5400+30:1800+30"]

1. e4 {[%emt 0:00:30]} c5 {[%emt 0:01:30]} 2. Nf3 {[%emt 0:00:00]} Nc6 {[%emt 0:00:30]} 3. d4 {[%emt 0:00:00]} cxd4 {[%emt 0:00:30]} 4. Nxd4 {[%emt 0:00:30]} g6 {[%emt 0:00:30]} 5. c4 {[%emt 0:01:30]} Nf6 {[%emt 0:00:00]} 6. Nc3 {[%emt 0:00:30]} Bg7 {[%emt 0:00:30]} 7. Be3 {[%emt 0:01:30]} O-O {[%emt 0:00:30]} 8. Be2 {[%emt 0:00:00]} d6 {[%emt 0:00:30]} 9. O-O {[%emt 0:00:00]} Bd7 {[%emt 0:00:00]} 10. Nc2 {[%emt 0:01:30]} Be6 {[%emt 0:07:30]} 11. f3 {[%emt 0:05:30]} Nd7 {[%emt 0:06:30]} 12. Qd2 {[%emt 0:12:30]} Rc8 {[%emt 0:08:30]} 13. Rab1 {[%emt 0:37:30]} a6 {[%emt 0:39:30]} 14. Nd5 {[%emt 0:17:30]} Nc5 {[%emt 0:07:30]} 15. b3 {[%emt 0:03:30]} f5 {[%emt 0:11:30]} 16. exf5 $14 {[%emt 0:03:30]} Bxf5 {[%emt 0:02:30]} 17. Rbd1 {[%emt 0:00:30]} e6 {[%emt 0:07:30]} 18. Ndb4 {[%emt 0:03:30]} Be5 {[%emt 0:03:30]} 19. Nxc6 {[%emt 0:02:30]} bxc6 {[%emt 0:03:30]} 20. Bg5 {[%emt 0:01:30]} Qc7 {[%emt 0:04:30]} 21. Ne1 {[%emt 0:16:10]} d5 {[%emt 0:06:33]} 22. h3 {[%emt 0:00:23]} Bg3 {[%emt 0:01:26]} 23. Qe3 {[%emt 0:03:07]} Nb7 {[%emt 0:05:39]} 24. f4 {[%emt 0:01:34]} Bxe1 {[%emt 0:00:06]} 25. Rfxe1 {[%emt 0:00:20]} Be4 {[%emt 0:00:54]} 26. cxd5 {[%emt 0:03:05]} exd5 {[%emt 0:01:50]} 27. Bxa6 {[%emt 0:00:30]} Ra8 {[%emt 0:00:30]} 28. Bxb7 {[%emt 0:00:30]} Rxa2 {[%emt 0:00:00]} 29. Rd2 {[%emt 0:01:48]} Rxd2 {[%emt 0:00:00]} 30. Qxd2 {[%emt 0:00:00]} 1/2-1/2

[Event "World Junior U20 Open 2018"]
[Site "Gebze"]
[Date "2018.09.07"]
[Round "4.41"]
[White "Kilic, Efe Mert"]
[Black "Muradli, Mahammad"]
[Result "0-1"]
[WhiteElo "2269"]
[BlackElo "2407"]
[Annotator "NA"]
[PlyCount "76"]
[EventDate "2018.09.05"]
[EventType "swiss"]
[EventCountry "TUR"]
[SourceTitle "playchess.com"]
[Source "ChessBase"]
[SourceQuality "1"]
[TimeControl "40/5400+30:1800+30"]

1. e4 {[%emt 0:00:30]} c5 {[%emt 0:00:30]} 2. Nf3 {[%emt 0:00:30]} d6 {[%emt 0:00:00]} 3. d4 {[%emt 0:00:00]} cxd4 {[%emt 0:00:00]} 4. Nxd4 {[%emt 0:00:00]} Nf6 {[%emt 0:00:30]} 5. Nc3 {[%emt 0:00:00]} a6 {[%emt 0:00:00]} 6. h4 {[%emt 0:00:00] B90: Sicilian Najdorf: Unusual White 6th moves, 6 Be3 Ng4 and 6 Be3 e5} e5 {[%emt 0:05:00]} 7. Nb3 {[%emt 0:00:30]} Be6 {[%emt 0:01:30]} 8. Bg5 {[%emt 0:00:30]} Nbd7 {[%emt 0:04:30]} 9. g3 $146 {[%emt 0:03:30]} ({Predecessor:} 9. Qd2 Rc8 10. O-O-O Be7 11. Kb1 b5 12. f3 O-O 13. g4 b4 {1-0 (26) Caruana,F (2811)-Andriasian,Z (2585) chess.com INT 2018}) 9... Be7 {[%emt 0:03:30]} 10. Qd2 {[%emt 0:01:30]} b5 {[%emt 0:02:30]} 11. Bg2 {[%emt 0:01:30]} O-O {[%emt 0:07:30]} 12. O-O-O {[%emt 0:01:30]} b4 {[%emt 0:01:30]} 13. Nd5 {[%emt 0:00:30]} Bxd5 {[%emt 0:01:30]} 14. exd5 {[%emt 0:00:00]} a5 {[%emt 0:00:00]} 15. Kb1 {[%emt 0:01:00]} Qc7 {[%emt 0:12:00]} 16. f4 {[%emt 0:04:30]} a4 {[%emt 0:57:30]} 17. Nc1 {[%emt 0:00:30]} Rfc8 {[%emt 0:00:30]} 18. Rhe1 {[%emt 0:17:00]} a3 {[%emt 0:58:00]} 19. b3 {[%emt 0:00:30]} h6 {[%emt 0:00:30]} 20. Bxh6 {[%emt 0:05:30]} gxh6 {[%emt 0:00:30]} 21. fxe5 {[%emt 0:00:00]} Nxe5 {[%emt 0:00:30]} 22. Rxe5 {[%emt 0:01:00]} dxe5 {[%emt 0:00:30]} 23. d6 {[%emt 0:00:00]} Qxd6 {[%emt 0:01:30]} 24. Qxd6 {[%emt 0:01:00]} Bxd6 {[%emt 0:00:00]} 25. Rxd6 {[%emt 0:09:30]} Ne8 {[%emt 0:03:00]} 26. Rxh6 {[%emt 0:02:30]} Rab8 {[%emt 0:02:30]} 27. Nd3 {[%emt 0:00:30]} Kg7 {[%emt 0:05:30]} 28. Ra6 {[%emt 0:04:30]} (28. Rh5 {was called for.} f6 29. Be4) 28... Nc7 $19 {[%emt 0:00:30]} 29. Ra7 {[%emt 0:03:30]} Nb5 {[%emt 0:00:30]} 30. Re7 {[%emt 0:00:30]} Nc3+ {[%emt 0:00:30]} 31. Kc1 {[%emt 0:00:30]} Nxa2+ {[%emt 0:00:30]} 32. Kd2 {[%emt 0:00:30]} Nc3 {[%emt 0:00:30]} 33. Rxe5 {[%emt 0:01:30]} a2 {[%emt 0:02:30]} 34. Ra5 {[%emt 0:00:30]} Rb5 {[%emt 0:00:30]} 35. Ra7 {[%emt 0:00:30]} Rc7 {[%emt 0:00:30]} 36. Ra6 {[%emt 0:00:30]} Re7 {[%emt 0:00:30]} 37. Bf3 {[%emt 0:00:30]} Rf5 {[%emt 0:00:30]} 38. Bg4 {[%emt 0:01:30]} Rf1 {[%emt 0:00:30]} 0-1

[Event "World Junior U20 Open 2018"]
[Site "Gebze"]
[Date "2018.09.07"]
[Round "4.42"]
[White "Nikolovski, Nikola"]
[Black "Thilakarathne, G M H"]
[Result "0-1"]
[WhiteElo "2388"]
[BlackElo "2238"]
[Annotator "ChessBase"]
[PlyCount "90"]
[EventDate "2018.09.05"]
[EventType "swiss"]
[EventCountry "TUR"]
[SourceTitle "playchess.com"]
[Source "ChessBase"]
[SourceQuality "1"]
[TimeControl "40/5400+30:1800+30"]

1. e4 c5 2. Nc3 Nc6 3. f4 g6 4. Nf3 Bg7 5. Be2 d6 6. O-O e6 7. d3 Nge7 8. Qe1 Nd4 9. Nxd4 cxd4 10. Nb1 O-O 11. Nd2 Bd7 12. Nf3 Rc8 13. Bd1 {[%emt 0:19:30]} f5 {[%emt 0:52:30]} 14. Bd2 {[%emt 0:25:30]} fxe4 {[%emt 0:11:30]} 15. dxe4 {[%emt 0:10:30]} Qb6 {[%emt 0:05:30]} 16. Rb1 {[%emt 0:01:30]} d5 {[%emt 0:14:45]} 17. Kh1 {[%emt 0:17:30]} dxe4 {[%emt 0:03:39]} 18. Qxe4 {[%emt 0:00:30]} Qc6 {[%emt 0:01:29]} 19. Qe1 {[%emt 0:03:30]} Qd5 {[%emt 0:02:39]} 20. b3 {[%emt 0:10:30]} Bc6 {[%emt 0:01:03]} 21. Be2 {[%emt 0:00:56]} b5 {[%emt 0:01:25]} 22. Bd3 {[%emt 0:00:53]} Nf5 {[%emt 0:02:07]} 23. Qe2 {[%emt 0:00:45]} Rce8 {[%emt 0:01:08]} 24. Rbe1 {[%emt 0:00:51]} e5 {[%emt 0:00:57]} 25. fxe5 {[%emt 0:00:30]} Bxe5 {[%emt 0:00:40]} 26. Nxe5 {[%emt 0:06:14]} Rxe5 {[%emt 0:00:08]} 27. Qg4 {[%emt 0:00:10]} Ne3 {[%emt 0:00:44]} 28. Rxf8+ {[%emt 0:02:44]} Kxf8 {[%emt 0:00:30]} 29. Qf3+ {[%emt 0:00:30]} Qxf3 {[%emt 0:00:30]} 30. gxf3 {[%emt 0:00:30]} Bxf3+ {[%emt 0:00:30]} 31. Kg1 {[%emt 0:00:30]} Bc6 {[%emt 0:00:30]} 32. Bxe3 {[%emt 0:00:30]} dxe3 {[%emt 0:00:30]} 33. Kf1 {[%emt 0:00:30]} b4 {[%emt 0:00:30]} 34. Ke2 {[%emt 0:00:30]} Kg7 {[%emt 0:00:30]} 35. c3 {[%emt 0:00:30]} bxc3 {[%emt 0:00:30]} 36. Rc1 {[%emt 0:00:30]} Bd7 {[%emt 0:00:30]} 37. Rxc3 {[%emt 0:00:30]} Bg4+ {[%emt 0:00:30]} 38. Ke1 {[%emt 0:01:32]} Rh5 {[%emt 0:02:31]} 39. Rc2 {[%emt 0:00:51]} Bf5 {[%emt 0:00:32]} 40. Rc7+ {[%emt 0:00:00]} Kf6 {[%emt 0:00:00]} 41. Bxf5 {[%emt 0:03:34]} gxf5 {[%emt 0:04:13]} 42. Rxa7 {[%emt 0:05:30]} Rxh2 {[%emt 0:00:30]} 43. b4 {[%emt 0:00:30]} f4 {[%emt 0:01:30]} 44. Ra8 {[%emt 0:00:30]} Kf5 {[%emt 0:01:30]} 45. Re8 {[%emt 0:01:30]} Rxa2 {[%emt 0:00:30]} 0-1

[Event "World Junior U20 Open 2018"]
[Site "Gebze"]
[Date "2018.09.07"]
[Round "4.43"]
[White "Macovei, Andrei"]
[Black "Kamer, Kayra"]
[Result "0-1"]
[WhiteElo "2385"]
[BlackElo "2205"]
[Annotator "NA"]
[PlyCount "82"]
[EventDate "2018.09.05"]
[EventType "swiss"]
[EventCountry "TUR"]
[SourceTitle "playchess.com"]
[Source "ChessBase"]
[SourceQuality "1"]
[TimeControl "40/5400+30:1800+30"]

1. e4 c5 2. Nf3 e6 3. d4 cxd4 4. Nxd4 a6 5. Nc3 Qc7 6. Bd3 Nf6 7. f4 d6 8. Qf3 Be7 {B82: Sizilianisch (Scheveninger System)} (8... b5 9. g4 Bb7 10. g5 Nfd7 11. Be3 Nc5 12. Bd2 Nbd7 13. b4 Nxd3+ 14. cxd3 g6 15. Rc1 Qd8 16. h4 Bg7 {½-½ (37) Fedorchuk,S (2657)-Van Wely,L (2653) Rabat 2015}) 9. Be3 Nbd7 10. g4 Nc5 11. g5 Nfd7 12. O-O-O b5 13. Kb1 Bb7 14. a3 Rb8 {[#]} 15. h4 $146 ({Vorgänger:} 15. Qh3 Bc8 16. f5 Ne5 17. g6 exf5 18. gxf7+ Nxf7 {1-0 (27) Guliyev,N (2555)-Martin,N (1810) Wasselonne 2009}) 15... Ba8 16. h5 b4 17. axb4 Rxb4 {[%emt 0:10:30]} 18. Na2 {[%emt 0:58:00]} Rb8 {[%emt 0:00:30]} 19. Bc1 {[%emt 0:00:30]} f5 {[%emt 0:01:30]} 20. gxf6 {[%emt 0:04:30]} Bxf6 {[%emt 0:00:30]} 21. Qe3 {[%emt 0:08:30]} Qb6 {[%emt 0:01:30]} 22. Rhe1 {[%emt 0:06:30]} O-O {[%emt 0:03:30]} 23. f5 {[%emt 0:01:30]} exf5 {[%emt 0:01:30]} 24. Bc4+ {[%emt 0:01:30]} Kh8 {[%emt 0:00:00]} 25. exf5 {[%emt 0:01:30]} Ne5 {[%emt 0:00:00]} 26. Be6 {[%emt 0:00:30]} Rfe8 $19 {[%emt 0:11:30]} 27. h6 {[%emt 0:07:14]} Nc4 {[%emt 0:02:30]} 28. hxg7+ {[%emt 0:00:11]} Bxg7 {[%emt 0:00:30]} 29. Qc3 {[%emt 0:04:51]} Na4 {[%emt 0:00:30]} 30. Qb3 {[%emt 0:01:14]} Naxb2 {[%emt 0:05:30]} 31. Bxc4 {[%emt 0:02:21]} Rxe1 {[%emt 0:03:30]} 32. Rxe1 {[%emt 0:02:50]} Nxc4 {[%emt 0:00:00]} 33. Qxb6 {[%emt 0:00:24]} Rxb6+ {[%emt 0:01:00]} 34. Nb3 {[%emt 0:00:06]} Be5 {[%emt 0:00:30]} 35. Bh6 {[%emt 0:00:53]} Kg8 {[%emt 0:01:30]} 36. Rg1+ {[%emt 0:02:08]} Kf7 {[%emt 0:00:00]} 37. Rg4 {[%emt 0:00:00]} Bd5 {[%emt 0:02:00]} 38. Kc1 {[%emt 0:01:56]} a5 {[%emt 0:00:00]} 39. Nd4 {[%emt 0:00:17]} a4 {[%emt 0:02:00]} 40. Nc3 {[%emt 0:00:00]} a3 {[%emt 0:00:00]} 41. Nde2 {[%emt 0:07:05]} Rb2 {[%emt 0:01:00]} 0-1

[Event "World Junior U20 Open 2018"]
[Site "Gebze"]
[Date "2018.09.07"]
[Round "4.44"]
[White "Wong, Yinn Long"]
[Black "Gorshtein, Ido"]
[Result "0-1"]
[WhiteElo "2261"]
[BlackElo "2383"]
[Annotator "NA"]
[PlyCount "88"]
[EventDate "2018.09.05"]
[EventType "swiss"]
[EventCountry "TUR"]
[SourceTitle "playchess.com"]
[Source "ChessBase"]
[SourceQuality "1"]
[TimeControl "40/5400+30:1800+30"]

1. e4 {[%emt 0:00:30]} c6 {[%emt 0:00:30]} 2. d4 {[%emt 0:00:30]} d5 {[%emt 0:00:00]} 3. exd5 {[%emt 0:00:00]} cxd5 {[%emt 0:00:00]} 4. Bd3 {[%emt 0:00:00]} Nc6 {[%emt 0:00:30]} 5. c3 {[%emt 0:00:30]} Qc7 {[%emt 0:00:30]} 6. Ne2 {[%emt 0:00:30]} Bg4 {[%emt 0:00:00]} 7. Na3 {[%emt 0:00:30] B13: Caro-Kann: Exchange Variation and Panov-Botvinnik Attack} (7. O-O Nf6 8. Qe1 Bxe2 9. Qxe2 g6 10. f4 Bh6 11. Nd2 O-O 12. Qf2 e6 13. Qh4 Bg7 14. Nf3 Ne7 {1-0 (49) Piorun,K (2651)-Rodshtein,M (2699) Katowice 2017}) 7... e6 {[%emt 0:04:30]} 8. Nb5 {[%emt 0:04:00]} Qd7 {[%emt 0:01:30]} 9. Bf4 {[%emt 0:00:30]} Rc8 {[%emt 0:00:30]} 10. a4 {[%emt 0:04:30]} Nf6 $146 {[%emt 0:01:30]} ({Predecessor:} 10... a6 11. Na3 Bd6 12. Bxd6 Qxd6 13. O-O Nf6 14. Qd2 Bh5 {1-0 (53) Stripunsky,A (2536)-Biag,I (2337) chess.com INT 2017}) 11. O-O {[%emt 0:02:30]} Bh5 {[%emt 0:00:30]} 12. Re1 {[%emt 0:08:30]} Bg6 {[%emt 0:01:30]} 13. Nc1 {[%emt 0:04:30]} a6 {[%emt 0:02:30]} 14. Na3 {[%emt 0:00:30]} Nh5 {[%emt 0:04:30]} 15. Bg5 {[%emt 0:37:30]} Be7 {[%emt 0:29:30]} 16. Qd2 {[%emt 0:00:30]} Bd6 {[%emt 0:00:30]} 17. g3 {[%emt 0:07:30]} Nf6 {[%emt 0:01:30]} 18. f3 {[%emt 0:07:30]} Qc7 {[%emt 0:02:30]} 19. Kg2 {[%emt 0:04:30]} Ne7 {[%emt 0:01:30]} 20. Ne2 {[%emt 0:06:30]} Bxd3 {[%emt 0:02:30]} 21. Qxd3 {[%emt 0:00:00]} h5 {[%emt 0:00:00]} 22. Nc2 {[%emt 0:04:00]} Kf8 {[%emt 0:01:00]} 23. Ne3 {[%emt 0:02:30]} Ng6 {[%emt 0:07:30]} 24. Bxf6 {[%emt 0:04:30]} gxf6 $11 {[%emt 0:00:00]} 25. f4 {[%emt 0:00:30]} f5 {[%emt 0:01:00]} 26. Rf1 {[%emt 0:10:32]} Kg7 {[%emt 0:03:30]} 27. h4 {[%emt 0:01:04]} Qb6 {[%emt 0:08:30]} 28. b3 {[%emt 0:01:37]} Qc6 {[%emt 0:01:30]} 29. Kh2 {[%emt 0:00:54]} b5 {[%emt 0:04:30]} 30. axb5 {[%emt 0:00:33]} axb5 {[%emt 0:00:00]} 31. Rac1 {[%emt 0:01:06]} Ne7 {[%emt 0:06:00]} 32. c4 {[%emt 0:04:03]} bxc4 {[%emt 0:00:30]} 33. bxc4 {[%emt 0:00:02]} dxc4 {[%emt 0:00:00]} 34. Rxc4 {[%emt 0:01:32]} Qe4 {[%emt 0:00:00]} 35. Qxe4 {[%emt 0:01:23]} fxe4 {[%emt 0:02:30]} 36. Kg2 {[%emt 0:02:11]} Nd5 {[%emt 0:01:30]} 37. Nxd5 {[%emt 0:01:38]} Rxc4 {[%emt 0:00:30]} 38. Ne3 {[%emt 0:00:41]} Ra4 {[%emt 0:00:00]} 39. f5 {[%emt 0:02:18]} Rb8 {[%emt 0:01:00]} 40. fxe6 {[%emt 0:04:37]} fxe6 {[%emt 0:00:00]} 41. Rf2 {[%emt 0:10:49]} Rb3 {[%emt 0:02:00]} 42. Nd1 {[%emt 0:00:58]} Raa3 {[%emt 0:00:30]} 43. Kh3 {[%emt 0:01:41]} Rxg3+ {[%emt 0:00:00]} 44. Kh2 {[%emt 0:00:06]} Rad3 {[%emt 0:00:00]} 0-1

[Event "World Junior U20 Open 2018"]
[Site "Gebze"]
[Date "2018.09.07"]
[Round "4.45"]
[White "Miciano, John Marvin"]
[Black "Petkov, Momchil"]
[Result "1-0"]
[WhiteElo "2374"]
[BlackElo "2163"]
[Annotator "NA"]
[PlyCount "77"]
[EventDate "2018.09.05"]
[EventType "swiss"]
[EventCountry "TUR"]
[SourceTitle "playchess.com"]
[Source "ChessBase"]
[SourceQuality "1"]
[TimeControl "40/5400+30:1800+30"]

1. e4 c5 2. c3 Nf6 3. e5 Nd5 4. Bc4 Nb6 5. Bb3 c4 6. Bc2 Nc6 7. Nf3 Qc7 8. Qe2 g5 9. e6 dxe6 10. Nxg5 h6 11. Nf3 e5 12. Na3 Be6 13. Nb5 Qb8 14. b3 Bg7 15. Na3 cxb3 16. axb3 {[%emt 0:25:00]} Qc7 {[%emt 0:43:00]} 17. O-O {[%emt 0:00:30]} O-O-O {[%emt 0:03:30]} 18. Nb5 {[%emt 0:06:30]} Qb8 {[%emt 0:00:00]} 19. Qe3 {[%emt 0:02:30]} Nd5 {[%emt 0:03:00]} 20. Nxa7+ {[%emt 0:07:30]} Nxa7 {[%emt 0:02:30]} 21. Qxa7 {[%emt 0:00:30]} Qxa7 {[%emt 0:00:30]} 22. Rxa7 {[%emt 0:00:30]} f5 {[%emt 0:09:30]} 23. Ra4 {[%emt 0:14:30]} b5 {[%emt 0:07:30]} 24. Ra6 {[%emt 0:03:30]} Nc7 {[%emt 0:05:30]} 25. Rxe6 {[%emt 0:13:30]} Nxe6 {[%emt 0:00:30]} 26. Bxf5 {[%emt 0:00:00]} Rd6 {[%emt 0:03:30]} 27. d4 {[%emt 0:03:00]} Rf8 {[%emt 0:04:30]} 28. Bh3 {[%emt 0:03:30]} Kb7 {[%emt 0:05:28]} 29. Re1 {[%emt 0:03:30]} Ra8 {[%emt 0:04:02]} 30. Nxe5 {[%emt 0:06:16]} Bxe5 {[%emt 0:02:33]} 31. dxe5 {[%emt 0:00:11]} Rda6 {[%emt 0:00:40]} 32. g3 {[%emt 0:01:20]} Rd8 {[%emt 0:03:49]} 33. Bxh6 {[%emt 0:01:46]} Nc5 {[%emt 0:00:25]} 34. Bg5 {[%emt 0:03:05]} Nd3 {[%emt 0:04:22]} 35. Rd1 {[%emt 0:04:35]} Nf4 {[%emt 0:02:09]} 36. Bg2+ {[%emt 0:02:45]} Kc7 {[%emt 0:00:26]} 37. Rxd8 {[%emt 0:00:50]} Ne2+ {[%emt 0:00:34]} 38. Kf1 {[%emt 0:00:36]} Nxc3 {[%emt 0:00:03]} 39. Ra8 {[%emt 0:00:00]} 1-0

[Event "World Junior U20 Open 2018"]
[Site "Gebze"]
[Date "2018.09.07"]
[Round "4.46"]
[White "Rodrigue-Lemieux, Shawn"]
[Black "Nikitenko, Mihail"]
[Result "0-1"]
[WhiteElo "2250"]
[BlackElo "2368"]
[Annotator "NA"]
[PlyCount "86"]
[EventDate "2018.09.05"]
[EventType "swiss"]
[EventCountry "TUR"]
[SourceTitle "playchess.com"]
[Source "ChessBase"]
[SourceQuality "1"]
[TimeControl "40/5400+30:1800+30"]

1. Nf3 {[%emt 0:00:30]} Nf6 {[%emt 0:01:30]} 2. g3 {[%emt 0:00:30]} g6 {[%emt 0:00:00]} 3. Bg2 {[%emt 0:00:00]} Bg7 {[%emt 0:00:00]} 4. O-O {[%emt 0:00:00]} O-O {[%emt 0:00:30]} 5. d3 {[%emt 0:00:30]} d5 {[%emt 0:01:00]} 6. c4 {[%emt 0:02:30]} c6 {[%emt 0:02:30]} 7. Nc3 {[%emt 0:02:30]} Re8 {[%emt 0:01:30] A16: Englische Eröffnung} (7... dxc4 8. dxc4 Qxd1 9. Rxd1 Be6 10. b3 Ne4 11. Nxe4 Bxa1 12. Ba3 Bf5 13. Nc5 Bf6 14. Nxb7 a5 15. h3 a4 16. b4 Ra7 17. Nc5 {0-1 (54) Ernst,S (2546)-Sokolov,I (2565) Amsterdam 2018}) 8. Bg5 {[%emt 0:07:30]} h6 {[%emt 0:01:30]} 9. Bd2 {[%emt 0:04:30]} e5 {[%emt 0:01:30]} 10. cxd5 {[%emt 0:12:30]} cxd5 {[%emt 0:00:30]} 11. Qc1 {[%emt 0:01:30]} Kh7 {[%emt 0:02:00]} 12. d4 $146 {[%emt 0:00:30]} ({Vorgänger:} 12. Nb5 Nc6 13. e3 Bf5 14. Ne1 Rc8 15. Qc5 Bf8 {0-1 (15) Rudolph,K-Rusche,J Oberhof 1999}) 12... e4 {[%emt 0:06:30]} 13. Ne5 {[%emt 0:00:30]} Nc6 {[%emt 0:24:30]} 14. Nxc6 {[%emt 0:42:00]} bxc6 {[%emt 0:00:30]} 15. Na4 {[%emt 0:00:30]} Ba6 {[%emt 0:01:30]} 16. Re1 {[%emt 0:08:30]} Ng4 {[%emt 0:01:30]} 17. h3 {[%emt 0:02:30]} e3 {[%emt 0:06:30]} 18. hxg4 {[%emt 0:11:30]} exf2+ {[%emt 0:01:30]} 19. Kxf2 {[%emt 0:00:30]} Qf6+ {[%emt 0:00:00]} 20. Bf3 {[%emt 0:00:00]} Qxd4+ {[%emt 0:00:00]} 21. Kg2 {[%emt 0:00:00]} Qxa4 {[%emt 0:00:30]} 22. Bxh6 {[%emt 0:01:30]} Bxe2 {[%emt 0:13:30]} 23. Bxe2 $11 {[%emt 0:02:30]} Qe4+ {[%emt 0:01:30]} 24. Bf3 {[%emt 0:05:30]} Qxe1 {[%emt 0:00:30]} 25. Qxe1 {[%emt 0:00:30]} Rxe1 {[%emt 0:00:30]} 26. Rxe1 {[%emt 0:00:30]} Kxh6 {[%emt 0:00:30]} 27. Rc1 {[%emt 0:09:04]} Rb8 {[%emt 0:02:30]} 28. Rxc6 {[%emt 0:00:49]} Rxb2+ {[%emt 0:00:30]} 29. Kh3 {[%emt 0:00:42]} d4 {[%emt 0:00:30]} 30. Ra6 {[%emt 0:02:19]} Rf2 {[%emt 0:01:30]} 31. Be4 {[%emt 0:02:46]} Re2 {[%emt 0:00:30]} 32. Bc6 {[%emt 0:06:32]} Re7 {[%emt 0:03:30]} 33. Ra5 {[%emt 0:00:30]} Be5 {[%emt 0:00:30]} 34. Kg2 {[%emt 0:02:30]} Kg5 {[%emt 0:00:30]} 35. Kf3 {[%emt 0:01:49]} f6 {[%emt 0:00:00]} 36. Rc5 {[%emt 0:01:30]} Rh7 {[%emt 0:00:00]} 37. Rc2 {[%emt 0:01:44]} Rh3 {[%emt 0:01:30]} 38. Rg2 {[%emt 0:00:30]} Rh1 {[%emt 0:00:00]} 39. Be4 {[%emt 0:01:40]} Re1 {[%emt 0:03:00]} 40. Re2 {[%emt 0:00:00]} Rc1 {[%emt 0:00:00]} 41. Rd2 {[%emt 0:05:05]} Rc3+ {[%emt 0:01:00]} 42. Rd3 {[%emt 0:02:30]} f5 {[%emt 0:01:30]} 43. gxf5 {[%emt 0:00:30]} gxf5 {[%emt 0:00:30]} 0-1